000 00743nam a2200253Ia 4500
003 OSt
005 20220924113859.0
006 a|||||r|||| 00| 0
007 ta
008 220923b |||||||| |||| 00| 0 guj d
020 _a9788187163602
020 _c175
024 _a257389
037 _b524, 07/03/2011, Eastern Book Linkers
_cTextual
040 _aARTS
_cARTS
_bguj
041 _2guj
_aguj
082 _aP15, 156[P6]
245 0 _aShri aaturprityakhayan parkiranam veer bhaderganimaharaj
260 _aAhamdabad
_bSanmarg Prakashan India
_c2006
300 _a357p.
_ccm.
650 _aLINGUISTICS
942 _hP15, 156[P6]
_cTEXL
_2CC
999 _c390714
_d390714